000 00833nam a2200265 a 4500
001 BRCA_351
005 20190320202954.0
008 900920s1991 ja a c 001 0 eng
020 _a4770014988
040 _aDLC
_cDLC
_dDLC
041 _aeng
_hjap
050 4 _aSB433.5
_b.M82 1991
100 1 _aMurata, Kyuso
_d1902-
_91170
245 1 0 _aFour seasons of bonsai
_cKyuzo Murata ; translated by Kate McCandless.
260 _aTokio
260 _aNew York
_bKodansha International
_c1991.
300 _a160 p.
_bil. (algunas a color)
_c26 cm.
500 _aTraducción de: Bonsai no shiki
500 _aDonación Fundación Japón
600 1 4 _aMurata, Kyuso
_d1902-
_xColecciones de Bonsai
_91171
650 1 4 _aBonsai
_xCatálogos y colecciones
_zJapón
_91172
700 1 _aMcCandless, Kate
_91173
902 _aDFJ
942 _2lcc
_cB
999 _c288
_d288